Sustainable construction: the government's role (Record no. 65310)

MARC details
000 -LEADER
fixed length control field 01407cam a2200265 4500
001 - CONTROL NUMBER
control field ABS63126
008 - FIXED-LENGTH DATA ELEMENTS--GENERAL INFORMATION
fixed length control field 000000n2000 000 0 eng u
035 ## - SYSTEM CONTROL NUMBER
System control number (Sirsi) u109399
100 ## - MAIN ENTRY--PERSONAL NAME
Personal name Raynsford, N
245 ## - TITLE STATEMENT
Title Sustainable construction: the government's role
260 ## - PUBLICATION, DISTRIBUTION, ETC.
Date of publication, distribution, etc. 2000
490 ## - SERIES STATEMENT
Series statement Civil Engineering
Volume/sequential designation 138(special issue 2) November 2000, 16-22(7)
520 ## - SUMMARY, ETC.
Summary, etc. A detailed review of government approach to achieving sustainable development in the construction industry. Considers the construction strategy outlined in "Building a better quality of life", and highlights the role government guidance and regulations play in promoting sustainable construction, for example, how the new Building Regulations Part M will improve access for disabled people and promote social inclusion. Article also discusses sustainability in relation to responsible water management, the development of brownfield sites, enhancing the built environment, and improving the road network and accessibility. References.
590 ## - LOCAL NOTE (RLIN)
Local note ABS
650 ## - SUBJECT ADDED ENTRY--TOPICAL TERM
Topical term or geographic name entry element BROWNFIELD SITES
650 ## - SUBJECT ADDED ENTRY--TOPICAL TERM
Topical term or geographic name entry element ROAD NETWORK
650 ## - SUBJECT ADDED ENTRY--TOPICAL TERM
Topical term or geographic name entry element BUILT ENVIRONMENT
650 ## - SUBJECT ADDED ENTRY--TOPICAL TERM
Topical term or geographic name entry element WATER MANAGEMENT
650 ## - SUBJECT ADDED ENTRY--TOPICAL TERM
Topical term or geographic name entry element BUILDING REGULATIONS PART M
650 ## - SUBJECT ADDED ENTRY--TOPICAL TERM
Topical term or geographic name entry element SUSTAINABLE CONSTRUCTION
650 ## - SUBJECT ADDED ENTRY--TOPICAL TERM
Topical term or geographic name entry element SUSTAINABLE DEVELOPMENT
650 ## - SUBJECT ADDED ENTRY--TOPICAL TERM
Topical term or geographic name entry element BUILDING A BETTER QUALITY OF LIFE
690 ## - LOCAL SUBJECT ADDED ENTRY--TOPICAL TERM (OCLC, RLIN)
Topical term or geographic name as entry element BUILDING AND CONSTRUCTION-SUSTAINABLE
942 ## - ADDED ENTRY ELEMENTS (KOHA)
Suppress in OPAC 0
Holdings
Withdrawn status Lost status Source of classification or shelving scheme Damaged status Not for loan Home library Current library Shelving location Date acquired Total Checkouts Full call number Barcode Date last seen Copy number Price effective from Koha item type
    Dewey Decimal Classification     London London Journal article 20/11/2000   ABS63126 109399-1001 06/08/2019 1 06/08/2019 Journal article